Nebezpečí sklizně /
Původní EP album 0 39 9885 "Otokar Březina Nebezpečí sklizně" vydal Supraphon v rámci Klubu přátel poezie v roce 1968. Nyní titul s básněmi Šťastní, Až sedneš za můj stůl, Ztracení, Snad potom a Zem v interpretaci skvělých recitátorů Jana Kačera a Vladimíra Brabce vychází poprvé digitálně...
Uloženo v:
| Hlavní autor: | |
|---|---|
| Další autoři: | , |
| Médium: | E-audiokniha |
| Vydáno: |
Praha :
Supraphon a.s.,
2025
|
| Tagy: |
Žádné tagy |
| LEADER | 01650nim a22003017i 4500 | ||
|---|---|---|---|
| 001 | 302475 | ||
| 007 | sr nunnnnnnned | ||
| 024 | |a 859692542700 | ||
| 044 | |a xr | ||
| 100 | 1 | |a Březina, Otokar |4 aut | |
| 245 | 1 | 0 | |a Nebezpečí sklizně / |c Březina, Otokar |
| 264 | 1 | |a Praha : |b Supraphon a.s., |c 2025 | |
| 300 | |a 1 online zdroj (13 min., 14 sek.) | ||
| 336 | |a mluvené slovo |b spw |2 rdacontent | ||
| 337 | |a audio |b s |2 rdamedia | ||
| 338 | |a online zdroj |b cr |2 rdacarrier | ||
| 505 | 0 | 0 | |t Šťastní (4 min., 39 sek.) |
| 505 | 0 | 0 | |t Až sedneš za můj stůl (1 min., 55 sek.) |
| 505 | 0 | 0 | |t Ztracení (3 min., 2 sek.) |
| 505 | 0 | 0 | |t Snad potom (2 min., 24 sek.) |
| 505 | 0 | 0 | |t Zem (1 min., 18 sek.) |
| 520 | 2 | |a Původní EP album 0 39 9885 "Otokar Březina Nebezpečí sklizně" vydal Supraphon v rámci Klubu přátel poezie v roce 1968. Nyní titul s básněmi Šťastní, Až sedneš za můj stůl, Ztracení, Snad potom a Zem v interpretaci skvělých recitátorů Jana Kačera a Vladimíra Brabce vychází poprvé digitálně OTOKAR BŘEZINA, vlastním jménem Václav Ignác Jebavý (*13. září 1868 – †25. března 1929) byl český básník a spisovatel, esejista, prozaik a myslitel, vrcholný představitel symbolismu. | |
| 700 | 1 | |a Kačer, Jan |4 nrt | |
| 700 | 1 | |a Brabec, Vladimír |4 nrt | |
| 910 | |a RBIT002 | ||
| 998 | |d 426741 |a https://core.palmknihy.cz/api/books/426741/cover?telfsq |b https://core.palmknihy.cz/api/books/426741/cover/400?telfsq |c https://core.palmknihy.cz/api/books/426741/cover/50?telfsq |e 2099-01-01 |i 859692542700 |l 794 |q 49 |r 1 |s https://www.palmknihy.cz/kniha/426741 |t audiobook |y 2025 |z 1 | ||
| 999 | |d 302473 | ||